000 00462nam a2200181Ia 4500
001 15196
003 IN-NITTTR
005 20251114233143.0
008 251113s9999||||xx |||||||||||||| ||eng||
040 _beng
040 _cIN-NITTTR
041 _aeng
082 _a338.06 K811M
100 _aKochhar, A. K.
245 0 _aMicroprocessors and their manufacturing applications /
_cKochhar, A. K., Burnes, N. D.
700 _a Burnes, N. D.
942 _2ddc
_cBK
999 _c17830
_d17830